000 00560nam a2200193Ia 4500
003 GCL
008 140319s9999 xx 000 0 ara d
040 _aGCL /
_cGCL
082 0 4 _a230.9
_bا ن
100 1 _aالهادى الدرقاس
245 1 0 _aنور على نور /
_cالهادى الدرقاس
260 _a[S.N] :
_bدار ابن زيدون للطباعة والنشر والتوزيع ،
_c1988
300 _a152 ص
490 _a
650 0 4 _aالاسلام
650 0 4 _aالحديث
650 0 4 _aجمع وتدوين
942 _2ddc
_cBK
999 _c33292
_d33292